000 00560nam a2200217Ia 4500
003 OSt
005 20220928141150.0
006 a|||||r|||| 00| 0
007 ta
008 220927b |||||||| |||| 00| 0 eng d
024 _a14030
037 _cTextual
040 _aSDCL
_cSDCL
_beng
041 _2eng
_aeng
082 _aO-,L:g, K7
100 _aJohnson James William
_9499362
245 0 _aFormation of English neoclassical thought.
260 _c1967
942 _hO-,L:g, K7
_cTEXL
_2CC
999 _c816439
_d816439